Conversemos de sexualidad: programa para padres, profesores y estudiantes

Guardat en:
Dades bibliogràfiques
Autors principals: Morin St. Onge, Jim (autor), Icaza Noguera, Bernardita (Autor)
Altres autors: Marfán Reyes, Julia (autora)
Format: Llibre
Idioma:espanyol
Publicat: Santiago CIDE 1997
Edició:3a. ed
Col·lecció:Educación Sexual
Matèries:
Etiquetes: Afegir etiqueta
Sense etiquetes, Sigues el primer a etiquetar aquest registre!

MARC

LEADER 00000nam a2200000 a 4500
001 UCH6103
003 CL-VaPUC
008 091109e19970000CL |||||||||||||||||spa|d
082 0 4 |a 612.6  |b MOR  |2 21 
100 |a Morin St. Onge, Jim  |e autor  |9 542487 
700 |a Marfán Reyes, Julia  |e autora  |9 542488 
700 0 |a Icaza Noguera, Bernardita  |e author  |9 542489 
245 1 0 |a Conversemos de sexualidad: programa para padres, profesores y estudiantes 
250 |a 3a. ed 
300 |a 382 p 
942 |c BK 
945 |d 20091109 00:00:00  |a lazolas 
260 |a Santiago  |b CIDE  |c 1997 
650 0 |a Educación sexual  |9 308005 
650 7 |a RELACIONES PADRES-HIJOS  |2 CL-VaPUC  |9 308185 
583 |a last modification  |c 20091109 00:00:00  |k Rodrigo Vera 
490 0 |a Educación Sexual 
999 |c 337063  |d 337061